[Event "ch-IND National A"]
[Site "Calicut IND"]
[Date "2003.12.16"]
[Round "18"]
[White "Ganguly,S"]
[Black "Roy Chowdhury,S"]
[Result "1/2-1/2"]
[WhiteElo "2531"]
[BlackElo "2421"]

1.e4 c5 2.Nf3 Nc6 3.d4 cxd4 4.Nxd4 Nf6 5.Nc3 d6 6.Bg5 Bd7 7.Qd2 Rc8 8.f4 h6
9.Bxf6 gxf6 10.Nf5 Qa5 11.Bd3 Nb4 12.a3 Nxd3+ 13.Qxd3 e6 14.Ne3 Qb6 15.O-O-O Qc5
16.e5 fxe5 17.Ne4 Qd4 18.Qxd4 exd4 19.Rxd4 Rc6 20.Nc4 d5 21.Nf6+ Ke7 22.Nxd7 Rxc4
23.Rxc4 dxc4 24.Ne5 c3 25.Rd1 cxb2+ 26.Kxb2 Ke8 27.Rd4 Rg8 28.g3 f6 29.Nc4 Bc5
30.Re4 Kf7 31.Na5 Rb8 32.Nb3 Bg1 33.Re2 h5 34.Nd2 Bc5 35.Ne4 Rc8 36.Rd2 Ke7
37.Kb3 Rc7 38.c4 Rc6 39.Nxc5 Rxc5 40.h3 Rc8 41.Rd3 Rc5 42.g4 Rc8 43.Kb4 Rg8
44.gxh5 Rh8 45.Rg3 Kf7 46.Kc5 Rxh5+ 47.Kd6 Rf5 48.Rg4 Rh5 49.Rg3 Rf5 50.c5 Rd5+
51.Kc7 Rxc5+ 52.Kxb7 Ra5 53.h4 Ra4 54.h5 Rxf4 55.h6 Rh4 56.Rg7+ Kf8 57.Kc6 a5
58.Rg6 Kf7 59.Rg7+ Kf8  1/2-1/2

[Event "6th Open"]
[Site "Tanta City EGY"]
[Date "2003.12.16"]
[Round "9"]
[White "Sarwat,W"]
[Black "Sameeh,H"]
[Result "0-1"]
[WhiteElo "2325"]
[BlackElo "2289"]

1.e4 c5 2.Nf3 d6 3.d4 cxd4 4.Nxd4 Nf6 5.Nc3 Nc6 6.Bg5 e6 7.Qd2 a6 8.O-O-O Be7
9.f3 Nxd4 10.Qxd4 b5 11.Kb1 Bb7 12.g4 O-O 13.h4 Rc8 14.h5 Nxe4 15.Nxe4 Bxg5
16.Qxd6 Be7 17.Qxd8 Rfxd8 18.Be2 f5 19.gxf5 exf5 20.Ng3 g6 21.hxg6 hxg6 22.Rdg1 Rc5
23.Nh5 g5 24.Re1 Rd7 25.Rhg1 Kf7 26.f4 Be4 27.fxg5 Rxc2 28.g6+ Kg8 29.Ka1 Rdd2
30.Bg4 Rg2 31.Rxg2 Rxg2 32.Bd1 Rxg6 33.Nf4 Rh6 34.Bb3+ Kh7 35.Nd5 Bg5 36.a4 bxa4
37.Bc4 Rc6 38.Ba2 Rc5 39.Rd1 a3 40.bxa3 Kg6 41.Kb2 f4 42.Nb4 a5  0-1

[Event "ch-IND National A"]
[Site "Calicut IND"]
[Date "2003.12.17"]
[Round "20"]
[White "Ganguly,S"]
[Black "Bakre,T"]
[Result "0-1"]
[WhiteElo "2531"]
[BlackElo "2443"]

1.e4 c5 2.Nf3 d6 3.d4 cxd4 4.Nxd4 Nf6 5.Nc3 Nc6 6.Bg5 e6 7.Qd2 Be7 8.O-O-O O-O
9.f4 Nxd4 10.Qxd4 Qa5 11.Bc4 Bd7 12.e5 dxe5 13.fxe5 Bc6 14.Bd2 Nd7 15.Nd5 Qd8
16.Nxe7+ Qxe7 17.Rhe1 Rfd8 18.Qg4 Nf8 19.Bd3 Rd5 20.Bb4 Qd8 21.Bd6 Ng6 22.Bc4 Rxd1+
23.Rxd1 Qa5 24.Qe2 b5 25.Bb3 Qb6 26.g3 Qb7 27.Qf2 a5 28.a3 Rc8 29.Qd4 Ne7
30.Bxe7 Qxe7 31.h4 Qc7 32.Rd2 Bd5 33.Bxd5 Rd8 34.Qe4 Qd7 35.Qe3 exd5 36.Qb6 a4
37.Qd4 Qc6 38.g4 Qc4 39.g5 g6 40.c3 Qf1+ 41.Rd1 Qc4 42.Qf2 d4 43.Rxd4 Rxd4
44.Qxd4 Qf1+ 45.Kc2 Qe2+ 46.Kb1 Qf1+ 47.Kc2 Qe2+ 48.Qd2 Qxe5 49.Qd8+ Kg7
50.Qd4 Qxd4 51.cxd4 f5 52.gxf6+ Kxf6 53.Kd3 Kf5 54.Ke3 h5 55.d5 Ke5 56.d6 Kxd6
57.Kd4 Ke6 58.Ke4 Kf6 59.Kf4 g5+  0-1

[Event "2nd Women's Masters"]
[Site "Belfort FRA"]
[Date "2003.12.19"]
[Round "5"]
[White "Milliet,S"]
[Black "Muller,A"]
[Result "1-0"]
[WhiteElo "2326"]
[BlackElo "2229"]

1.e4 c5 2.Nf3 d6 3.d4 cxd4 4.Nxd4 Nf6 5.Nc3 Nc6 6.Bg5 e6 7.Qd2 a6 8.O-O-O Bd7
9.f4 h6 10.Bh4 g5 11.fxg5 Ng4 12.Be2 Nge5 13.Nf3 Be7 14.Rhg1 Rc8 15.Kb1 b5
16.Rdf1 b4 17.Nd1 a5 18.b3 Rg8 19.Bg3 hxg5 20.Nxe5 Nxe5 21.Bxe5 dxe5 22.Bh5 Rg6
23.Bxg6 fxg6 24.Qf2 Qc7 25.Qf7+ Kd8 26.Qg8+ Be8 27.Ne3 Bc5 28.Rd1+ Bd4 29.Nc4 Qc6
30.Qg7 Bd7 31.Rgf1 Qc5 32.Rf7 Rc7 33.Rf8+ Be8 34.Qh8 Re7 35.Qxe5 Qxe5 36.Nxe5  1-0

[Event "ch-IND National A"]
[Site "Calicut IND"]
[Date "2003.12.19"]
[Round "22"]
[White "Venkatesh,M"]
[Black "Neelotpal,D"]
[Result "0-1"]
[WhiteElo "2401"]
[BlackElo "2443"]

1.e4 c5 2.Nf3 d6 3.d4 cxd4 4.Nxd4 Nf6 5.Nc3 Nc6 6.Bg5 e6 7.Qd2 a6 8.O-O-O Nxd4
9.Qxd4 Be7 10.f4 b5 11.Kb1 Bb7 12.Be2 h6 13.Bh4 O-O 14.Bf3 Ne8 15.Bxe7 Qxe7
16.e5 dxe5 17.fxe5 f5 18.Qb6 Bxf3 19.gxf3 b4 20.Ne2 Nc7 21.Nf4 Rfd8 22.Rdg1 Rab8
23.Qf2 Rd7 24.Rg6 Rbd8 25.Nd3 Kh7 26.Rhg1 a5 27.Qg3 Qf7 28.Kc1 Nb5 29.Nf4 Nd4
30.Qg2 Kh8 31.c3 bxc3 32.bxc3 Rc8 33.Qb2 Rb7 34.Qa3 Nb5 35.Qxa5 Nxc3 36.Rxg7 Nd5+
37.Kd2 Rb2+ 38.Kd3 Nxf4+ 39.Kd4 Ne2+ 40.Kd3 Nc1+ 41.Kd4 Ne2+ 42.Kd3 Qxg7
43.Rxg7 Kxg7 44.Qa7+ Kg6 45.Ke3 Rc3+ 46.Kf2 Nd4+  0-1

[Event "3rd Amplico AIG Life"]
[Site "Warsaw POL"]
[Date "2003.12.21"]
[Round "12"]
[White "Fernandez,Joh"]
[Black "Bogocki,C"]
[Result "1-0"]
[WhiteElo "2153"]
[BlackElo "2017"]

1.e4 c5 2.Nf3 Nc6 3.d4 cxd4 4.Nxd4 Nf6 5.Nc3 d6 6.Bg5 a6 7.Qd2 e6 8.O-O-O Be7
9.f4 Qc7 10.Kb1 Bd7 11.Nf3 Rd8 12.Qe1 O-O 13.Bd3 Nb4 14.e5 Nxd3 15.Rxd3 dxe5
16.fxe5 Bc6 17.exf6 Bxf6 18.Bxf6 gxf6 19.Nd4  1-0

[Event "TCh-BEL 2003-4"]
[Site "Belgium BEL"]
[Date "2003.12.23"]
[Round "5"]
[White "Paehtz,T sr"]
[Black "Miton,K"]
[Result "0-1"]
[WhiteElo "2441"]
[BlackElo "2530"]

1.e4 c5 2.Nf3 Nc6 3.d4 cxd4 4.Nxd4 Nf6 5.Nc3 d6 6.Bg5 e6 7.Qd2 a6 8.O-O-O Bd7
9.f3 Be7 10.h4 b5 11.Nxc6 Bxc6 12.Ne2 Rc8 13.Nd4 Bb7 14.Bd3 h6 15.Be3 h5
16.Kb1 Nd7 17.Bg5 Ne5 18.f4 Nc4 19.Qe2 Qb6 20.c3 Bf6 21.Bxc4 Rxc4 22.e5 dxe5
23.fxe5 Bxg5 24.hxg5 g6 25.Rh4 Bd5 26.Nf3 Rxh4 27.Nxh4 Qa5 28.a3 Qa4 29.Rd4 Qb3
30.Nf3 Qa2+ 31.Kc1 O-O 32.Nd2 Rc8 33.Qd3 Qa1+ 34.Nb1 Rc5 35.g3 Ba2 36.Rd8+ Kg7  0-1

[Event "Harmonie"]
[Site "Groningen NED"]
[Date "2003.12.23"]
[Round "3"]
[White "Kurnosov,I"]
[Black "Werle,J"]
[Result "1-0"]
[WhiteElo "2527"]
[BlackElo "2409"]

1.e4 c5 2.Nf3 d6 3.d4 cxd4 4.Nxd4 Nf6 5.Nc3 Nc6 6.Bg5 e6 7.Qd2 a6 8.O-O-O h6
9.Nxc6 bxc6 10.Bf4 d5 11.Qe3 Be7 12.Be2 Qa5 13.Qg3 dxe4 14.Qxg7 Rg8 15.Qxh6 Ra7
16.Bd6 Rb7 17.Bxe7 Kxe7 18.Qf4 e5 19.Qd2 Qb4 20.b3 Qa3+ 21.Kb1 Be6 22.f3 Rgb8
23.Ka1 e3 24.Qxe3 Rxb3 25.cxb3 Rxb3 26.Qd2 Nd7 27.Rc1 Nc5 28.Rhd1 Kf6 29.Ne4+  1-0

[Event "ch-Arab m"]
[Site "Cairo EGY"]
[Date "2003.12.25"]
[Round "6"]
[White "Al Sayed,Mohamad"]
[Black "Chahrani,I"]
[Result "1/2-1/2"]
[WhiteElo "2449"]
[BlackElo "2246"]

1.e4 c5 2.Nf3 Nc6 3.d4 cxd4 4.Nxd4 Nf6 5.Nc3 d6 6.Bg5 e6 7.Qd2 a6 8.O-O-O Bd7
9.f4 Be7 10.Nf3 h6 11.Bh4 g5 12.fxg5 Ng4 13.Rg1 Nge5 14.Be2 b5 15.Rdf1 Rg8
16.Kb1 hxg5 17.Bg3 Qb6 18.Nxe5 dxe5 19.Bh5 Rg7 20.Rxf7 Rxf7 21.Rf1 O-O-O
22.Bxf7 Rf8 23.Rd1 Qc7 24.Bh5 Na5 25.Bxe5 Nc4 26.Bxc7 Nxd2+ 27.Rxd2 Kxc7
28.Bf3 Bc6 29.h3 Bc5 30.Rd1 Rf4 31.Ne2 Rh4 32.Nd4 Bxd4 33.Rxd4 Rf4 34.Rd1 Bxe4
35.Rf1 e5 36.Kc1 Bd5 37.Kd2 Bxf3 38.Rxf3 Ra4 39.a3 g4 40.Rf7+ Kc6 41.h4 g3
42.Rf6+ Kd5 43.h5 Rh4 44.Ke3 Rxh5 45.Rxa6 Rf5 46.Ra8 Rf2 47.Rd8+ Ke6 48.Rd2 Rf4
49.Re2 Kf5 50.b3 Kg4 51.Rd2 Rf1 52.Re2 Kf5 53.Rd2 Kg4 54.Re2 Kf5 55.Kd3 Ra1
56.Re3 Kf4 57.Re4+ Kf5 58.Re3 Kf4 59.Re4+ Kf5 60.Re3 Kf4  1/2-1/2

[Event "12th Donau Open"]
[Site "Aschach GER"]
[Date "2003.12.26"]
[Round "1"]
[White "Teske,H"]
[Black "Schoepf,A"]
[Result "1-0"]
[WhiteElo "2518"]
[BlackElo "2138"]

1.e4 c5 2.Nf3 d6 3.d4 cxd4 4.Nxd4 Nf6 5.Nc3 Nc6 6.Bg5 Qb6 7.Nb3 e6 8.Bxf6 gxf6
9.Qd2 a6 10.O-O-O Qc7 11.f4 b5 12.Kb1 h5 13.h4 Rg8 14.Rh3 b4 15.Ne2 e5 16.f5 a5
17.Ng3 a4 18.Nc1 Nd4 19.Nxh5 Ke7 20.Ne2 Bh6 21.Nhf4 Bb7 22.Nxd4 Bxf4 23.Nb5 Bxd2
24.Nxc7 Bf4 25.Nxa8 Bxa8 26.Re1 Bc6 27.h5 Bg3 28.Re2 Bf4 29.h6 Rh8 30.h7 Kf8
31.Re1 Kg7 32.Bc4 Rxh7 33.Rxh7+ Kxh7 34.g3 Bd2 35.Re2 Bg5 36.Bxf7 Bb5 37.Rh2+ Kg7
38.Bd5 a3 39.bxa3 bxa3 40.g4 Be3 41.Rh3 Bc5 42.Rb3 Ba4 43.Rb8 Kh6 44.Rg8  1-0

[Event "Harmonie"]
[Site "Groningen NED"]
[Date "2003.12.27"]
[Round "6"]
[White "Kurnosov,I"]
[Black "Ernst,S"]
[Result "1-0"]
[WhiteElo "2527"]
[BlackElo "2474"]

1.e4 c5 2.Nf3 d6 3.d4 cxd4 4.Nxd4 Nf6 5.Nc3 Nc6 6.Bg5 Qb6 7.Nb3 e6 8.Bxf6 gxf6
9.Qd2 a6 10.O-O-O h5 11.f4 Bd7 12.Be2 Rc8 13.Kb1 Na5 14.e5 Nxb3 15.axb3 Bc6
16.f5 dxe5 17.fxe6 fxe6 18.Qd3 Kf7 19.Qh3 Qf2 20.Rhf1  1-0

[Event "24th Open"]
[Site "Bethune FRA"]
[Date "2003.12.28"]
[Round "5"]
[White "Chemali,L"]
[Black "Abeln,M"]
[Result "0-1"]
[WhiteElo "2112"]
[BlackElo "2288"]

1.e4 c5 2.Nf3 Nc6 3.d4 cxd4 4.Nxd4 Nf6 5.Nc3 d6 6.Bg5 e6 7.Qd2 a6 8.O-O-O Bd7
9.f3 Rc8 10.h4 h6 11.Be3 h5 12.Kb1 Ne5 13.Nb3 b5 14.Bd3 Be7 15.Qf2 Qc7 16.Bb6 Qb8
17.Ba7 Qa8 18.Bb6 O-O 19.g4 hxg4 20.f4 Nf3 21.Qg3 Bc6 22.Rhf1 b4 23.Rxf3 bxc3
24.Re3 Bxe4 25.Rxe4 Nxe4 26.Qxg4 f5 27.Qh3 Rf6 28.Re1 Nd2+ 29.Nxd2 cxd2 30.Rd1 Rb8
31.Qe3 Rxb6 32.Qxb6 Rf7 33.b3 Qf3  0-1

[Event "7th White Tower Open"]
[Site "Thessaloniki GRE"]
[Date "2003.12.28"]
[Round "9"]
[White "Nazarian,D"]
[Black "Argiroudis,S"]
[Result "0-1"]
[WhiteElo "1992"]
[BlackElo "2219"]

1.e4 c5 2.Nf3 d6 3.d4 cxd4 4.Nxd4 Nf6 5.Nc3 Nc6 6.Bg5 e6 7.Qd2 a6 8.O-O-O Bd7
9.f4 Qb6 10.Kb1 O-O-O 11.Bh4 Be7 12.Bf2 Qc7 13.Nb3 Kb8 14.Be2 Bc8 15.Bf3 Nd7
16.Ne2 Nb6 17.Na5 Nxa5 18.Qxa5 Nc4 19.Qxc7+ Kxc7 20.b3 Na5 21.Bd4 Rhg8 22.Bc3 Nc6
23.Nd4 Bd7 24.Nxc6 Bxc6 25.Rd2 g5 26.g3 gxf4 27.gxf4 f5 28.Re1 Bh4 29.Re3 Rg1+
30.Kb2 Rf1 31.Bg2 Rxf4 32.exf5 exf5 33.Bxc6 Kxc6 34.Re6 Re4 35.Rxe4 fxe4
36.Re2 d5 37.Bd4 b5 38.c4 dxc4 39.Rxe4 Rxd4  0-1

[Event "North American Open"]
[Site "Las Vegas USA"]
[Date "2003.12.29"]
[Round "6"]
[White "Adamson,R"]
[Black "Gurevich,D"]
[Result "1-0"]
[WhiteElo "2350"]
[BlackElo "2510"]

1.e4 c5 2.Nf3 d6 3.d4 cxd4 4.Nxd4 Nf6 5.Nc3 Nc6 6.Bg5 e6 7.Qd2 h6 8.Bxf6 gxf6
9.O-O-O a6 10.f4 Qb6 11.Nb3 Bd7 12.Be2 h5 13.Kb1 O-O-O 14.Rhf1 Kb8 15.Rf3 Bc8
16.Rh3 h4 17.Qe1 Be7 18.f5 Rdg8 19.Bf3 Ne5 20.Rxh4 Rxh4 21.Qxh4 Nxf3 22.gxf3 Qe3
23.Qh7 Rg1 24.Qxf7 Rxd1+ 25.Nxd1 Qg1 26.Qxe7 Qxd1+ 27.Nc1 exf5 28.Qxf6 Qd2
29.e5 dxe5 30.Qxe5+ Ka8 31.Qe8 Kb8 32.Qe5+ Ka8 33.Qe2 Qd4 34.b3 Bd7 35.Qd3 Qg7
36.Ne2 Qe7 37.Nd4 Qe1+ 38.Kb2 Qe5 39.Qd2 Bc6 40.f4 Qh8 41.Qf2 Be4 42.h4 Kb8
43.a4 Ka8 44.c3 Qh5 45.Kc1 Qe8 46.Qh2 Qh5 47.Qg3 Bd5 48.Qg7 Ka7 49.Qe7 Bh1
50.Qg5  1-0

[Event "North American Open"]
[Site "Las Vegas USA"]
[Date "2003.12.29"]
[Round "6"]
[White "Markzon,G"]
[Black "Saidy,A"]
[Result "1-0"]
[WhiteElo "2281"]
[BlackElo "2337"]

1.e4 c5 2.Nf3 d6 3.d4 cxd4 4.Nxd4 Nf6 5.Nc3 Nc6 6.Bg5 e6 7.Qd2 a6 8.O-O-O Bd7
9.f3 Be7 10.h4 Qc7 11.Kb1 Na5 12.Nb3 Nxb3 13.axb3 O-O-O 14.Be3 Bc6 15.Qf2 Nd7
16.Nd5 Bxd5 17.exd5 e5 18.f4 exf4 19.Qxf4 Bf6 20.b4 Kb8 21.Rh3 Rhe8 22.c4 Rc8
23.Rc1 Ne5 24.Bg1 Ka8 25.Ra3 Nd7 26.Qf2 Qb8 27.c5 dxc5 28.b5 Bd4 29.Qf5 Bxg1
30.bxa6 b5 31.Qxd7 c4 32.Ra5 b4 33.Bxc4 Qc7 34.Qxc7 Rxc7 35.d6  1-0

[Event "12th Donau Open"]
[Site "Aschach GER"]
[Date "2003.12.30"]
[Round "6"]
[White "Fauland,P"]
[Black "Erlacher,M"]
[Result "1-0"]
[WhiteElo "2262"]
[BlackElo "2212"]

1.e4 c5 2.Nf3 d6 3.Nc3 Nc6 4.d4 cxd4 5.Nxd4 Nf6 6.Bg5 e6 7.Qd2 a6 8.O-O-O Be7
9.Bxf6 gxf6 10.Kb1 Bd7 11.f4 Qc7 12.Be2 O-O-O 13.Bh5 Rhf8 14.f5 Ne5 15.Bxf7 Nc4
16.Qd3  1-0

[Event "Harmonie"]
[Site "Groningen NED"]
[Date "2003.12.30"]
[Round "9"]
[White "Nijboer,F"]
[Black "Werle,J"]
[Result "1-0"]
[WhiteElo "2577"]
[BlackElo "2409"]

1.e4 c5 2.Nf3 d6 3.d4 cxd4 4.Nxd4 Nf6 5.Nc3 Nc6 6.Bg5 e6 7.Qd2 a6 8.O-O-O h6
9.Be3 Be7 10.f4 Nxd4 11.Bxd4 b5 12.Qe3 Qc7 13.e5 dxe5 14.fxe5 Nd7 15.Ne4 Bb7
16.Nd6+ Qxd6 17.exd6 Bg5 18.Qxg5 hxg5 19.Bxg7 Rh4 20.Bc3 Rc8 21.h3 Bd5 22.Rh2 Bxa2
23.g3 Ra4 24.h4 gxh4 25.Rxh4 Rxh4 26.gxh4 Bc4 27.Bg2 f6 28.Bb7 Rb8 29.Bf3 b4
30.Bh5+ Kf8 31.Bd2 Kg7 32.Rg1+ Kh7 33.Rg4 Ne5 34.Rf4 Kg7 35.b3 Bxb3 36.Rxb4 Rxb4
37.Bxb4 Ba4 38.Be2 Bb5 39.c4 Bc6 40.Kd2 Ng6 41.Bf3 Bd7 42.c5 Ne5 43.Be2 Nc6
44.Bc3 Bc8 45.Bg4 Kg6 46.Kc2 Bd7 47.Kb3 Nb8 48.Bf3 Bb5 49.Kb4 e5 50.Ka5 Kf5
51.h5 Ke6 52.h6 Kf7 53.Be4 Kg8 54.Bf5  1-0

[Event "ch-AUS"]
[Site "Adelaide AUS"]
[Date "2004.01.04"]
[Round "6"]
[White "Lane,G"]
[Black "Solomon,SJ"]
[Result "0-1"]
[WhiteElo "2420"]
[BlackElo "2400"]

1.e4 c5 2.Nf3 d6 3.d4 cxd4 4.Nxd4 Nf6 5.Nc3 Nc6 6.Bg5 e6 7.Qd2 Be7 8.O-O-O O-O
9.f3 d5 10.exd5 Nxd5 11.Bxe7 Ndxe7 12.Nxc6 Nxc6 13.Bd3 e5 14.f4 Qa5 15.f5 e4
16.Bxe4 Bxf5 17.Qg5 Bxe4 18.Qxa5 Nxa5 19.Nxe4 Rfe8 20.Rhe1 h6 21.b3 Re6 22.Nd6 Rxe1
23.Rxe1 Rd8 24.Rd1 Kf8 25.c4 b6 26.Rd5 a6 27.Kc2 g6 28.Kc3 Ke7 29.Ne4 Nc6
30.Nd2 f5 31.Nf3 Kf6 32.Rxd8 Nxd8 33.b4 g5 34.c5 bxc5 35.bxc5 Nc6 36.Nd4 Ne7
37.Kc4 Ke5 38.g3 Ke4 39.c6 f4 40.gxf4 gxf4 41.Kc5 Nxc6 42.Nxc6 f3 43.Nd4 f2
44.Ne2 Kf3 45.Ng3 Kg2 46.Kb6 h5  0-1

[Event "Hilton Chess Festival"]
[Site "Basel SUI"]
[Date "2004.01.04"]
[Round "7"]
[White "Gelfenboim,J"]
[Black "Cicak,S"]
[Result "0-1"]
[WhiteElo "2207"]
[BlackElo "2528"]

1.e4 c5 2.Nf3 d6 3.d4 cxd4 4.Nxd4 Nf6 5.Nc3 Nc6 6.Bg5 a6 7.Bxf6 gxf6 8.Qd2 e6
9.O-O-O Bd7 10.f4 b5 11.f5 Nxd4 12.Qxd4 Bh6+ 13.Kb1 Bf4 14.fxe6 fxe6 15.e5 Bxe5
16.Qg4 Qe7 17.Qh5+ Qf7 18.Qf3 Rc8 19.Ne4 Bc6 20.Qe3 O-O 21.Bd3 f5 22.Ng5 Qe7
23.h4 Bd5 24.Rhe1 Rce8 25.g4 h6 26.Nf3 Bg7 27.g5 hxg5 28.Nxg5 Qf6 29.Qc1 Kh8
30.Rg1 Re7 31.Rd2 b4 32.Rh2 a5 33.Nh3 e5 34.Rg5 Bh6 35.Rh5 Kg7 36.Rg5+ Bxg5
37.Nxg5 e4 38.Be2 a4 39.Qg1 Kh8  0-1

[Event "TCh-CZE Extraliga 2003-4"]
[Site "Czech Rep CZE"]
[Date "2004.01.10"]
[Round "5"]
[White "Firt,S"]
[Black "Cvek,R"]
[Result "0-1"]
[WhiteElo "2363"]
[BlackElo "2467"]

1.e4 c5 2.Nf3 Nc6 3.d4 cxd4 4.Nxd4 Nf6 5.Nc3 d6 6.Bg5 e6 7.Qd2 a6 8.O-O-O h6
9.Nxc6 bxc6 10.Bf4 d5 11.Qe3 Be7 12.Be2 Qa5 13.a3 Bb7 14.h4 Nd7 15.exd5 cxd5
16.Rh3 Rc8 17.Nb1 Qa4 18.b3 Qc6 19.Rd2 Bf6 20.Bf3 Qc5 21.Qe2 Qb5 22.Qxb5 axb5
23.Be2 Bc6 24.Bd6 d4 25.g4 e5 26.f3 Nb6 27.Bd3 Nd5 28.Bf5 Rd8 29.Bc5 Nf4
30.Rhh2 g6 31.Be4 Bxe4 32.fxe4 Rc8 33.Bb4 Be7 34.Kb2 Rc6 35.c3 d3 36.a4 bxa4
37.bxa4 Rc4 38.Kb3 Rxe4 39.a5 Kd7 40.Na3 Rb8 41.Nc4 Ke6 42.Nb6 Bd8 43.Bc5 Bxb6
44.axb6 Kd5 45.Bf2 Re2 46.c4+ Kc6 47.Kc3 Rxd2 48.Kxd2 Ra8 49.Bg3 Ra2+ 50.Ke3 Rxh2
51.Bxh2 Kxb6 52.g5 hxg5 53.hxg5 Kc5  0-1

[Event "Western Class Championships"]
[Site "Agoura Hills USA"]
[Date "2004.01.18"]
[Round "4"]
[White "Habu,Y"]
[Black "Del Pilar,R"]
[Result "1-0"]
[WhiteElo "2339"]
[BlackElo "2272"]

1.e4 c5 2.Nf3 d6 3.d4 cxd4 4.Nxd4 Nf6 5.Nc3 Nc6 6.Bg5 e6 7.Qd2 a6 8.O-O-O h6
9.Be3 Bd7 10.f4 b5 11.Bd3 Qc7 12.Kb1 Be7 13.h3 Na5 14.Qe1 b4 15.Nce2 Nc4
16.Bc1 d5 17.Ng3 g6 18.exd5 Nxd5 19.Ne4 Kf8 20.g4 Re8 21.Rf1 f5 22.Ng3 Bf6
23.Qf2 a5 24.Rfe1 Kf7 25.Bxc4 Qxc4 26.Nf3 a4 27.Ne5+ Bxe5 28.Rxe5 b3 29.gxf5 gxf5
30.a3 Rc8 31.c3 Bb5 32.Nxf5 Nxc3+ 33.bxc3 exf5 34.Qh4 Rc7 35.Qh5+ Kf8 36.Qxf5+  1-0

[Event "1st WinTV Open"]
[Site "Chennai IND"]
[Date "2004.01.21"]
[Round "1"]
[White "Vinuthna,N"]
[Black "Neelotpal,D"]
[Result "0-1"]
[WhiteElo "2094"]
[BlackElo "2461"]

1.e4 c5 2.Nf3 d6 3.d4 cxd4 4.Nxd4 Nf6 5.Nc3 Nc6 6.Bg5 Qb6 7.Nb3 e6 8.Qd2 a6
9.O-O-O Be7 10.f3 O-O 11.Kb1 Rd8 12.g4 Qc7 13.h4 b5 14.h5 b4 15.Ne2 d5 16.exd5 Rxd5
17.Qc1 Rxd1 18.Qxd1 Bb7 19.Bf4 Rd8 20.Qe1 e5 21.Bc1 Nb8 22.g5 Bxf3 23.gxf6 Qxc2+
24.Ka1 Bxf6 25.Rh3 e4 26.Rxf3 exf3 27.Ned4 Bxd4 28.Nxd4 f2 29.Qe5 Qd1 30.Bd3 f1=Q
31.Bxf1 Qxd4  0-1

[Event "1st WinTV Open"]
[Site "Chennai IND"]
[Date "2004.01.22"]
[Round "3"]
[White "Venkatesh,M"]
[Black "Joshi,P"]
[Result "1-0"]
[WhiteElo "2392"]
[BlackElo "2296"]

1.e4 c5 2.Nf3 d6 3.d4 cxd4 4.Nxd4 Nf6 5.Nc3 Nc6 6.Bg5 e6 7.Qd2 Qb6 8.O-O-O Qxd4
9.Qxd4 Nxd4 10.Rxd4 a6 11.f3 Bd7 12.Na4 Bxa4 13.Rxa4 Rc8 14.b4 Be7 15.b5 axb5
16.Bxb5+ Nd7 17.Bd2 Bd8 18.Bb4 Bc7 19.Rd1 Ke7 20.Ra7 Rb8 21.Bxd7 Kxd7 22.Bxd6 Bxd6
23.e5 Kc7 24.Rxd6 Ra8 25.Rxa8 Rxa8 26.Rd4 g5 27.Rg4 h6 28.h4 Rxa2 29.hxg5 hxg5
30.Rxg5 Kd7 31.Kd2 Ra3 32.Rg7 Ke7 33.Rg8 Ra5 34.f4 Rd5+ 35.Ke3 Rc5 36.Kd3 Rd5+
37.Kc4 b5+ 38.Kb3 Rd4 39.g3 Re4 40.Rc8 Re3+ 41.Rc3 Re4 42.Rc7+ Ke8 43.c3 Re3
44.Rc8+ Kd7 45.Rg8 Re4 46.Rf8 Ke7 47.Rb8 Re3 48.Rxb5 Rxg3 49.Rb7+ Ke8 50.Rb4 Rf3
51.Rd4 f6 52.exf6 Kf7 53.Kb4 Kxf6 54.c4 Rf1 55.c5 Rb1+ 56.Ka5 e5 57.fxe5+ Kxe5
58.Rd2 Ke6 59.c6 Rc1 60.Kb6 Rb1+ 61.Kc7 Rc1 62.Kb7 Rb1+ 63.Kc8 Rc1 64.c7 Ke7
65.Re2+ Kf7 66.Re4 Kf8 67.Kb7 Rb1+ 68.Kc6 Rc1+ 69.Kb6  1-0

[Event "TCh-AUT 2003-4"]
[Site "Velden AUT"]
[Date "2004.01.22"]
[Round "4"]
[White "Kuba,G"]
[Black "Hoelzl,F"]
[Result "0-1"]
[WhiteElo "2339"]
[BlackElo "2361"]

1.e4 c5 2.Nf3 d6 3.d4 cxd4 4.Nxd4 Nf6 5.Nc3 Nc6 6.Bg5 Qb6 7.Bxf6 gxf6 8.Nb3 e6
9.Qd2 Bd7 10.O-O-O Na5 11.Kb1 Nxb3 12.axb3 Be7 13.f4 Qc5 14.Bd3 O-O-O 15.Qe2 Kb8
16.Rhf1 h5 17.Rf3 h4 18.Bb5 Bc8 19.Na4 Qh5 20.Qc4 h3 21.Rc1 d5 22.exd5 hxg2
23.Rc3 Bd6  0-1

[Event "1st WinTV Open"]
[Site "Chennai IND"]
[Date "2004.01.24"]
[Round "5"]
[White "Sharma,D"]
[Black "Sai,Sr"]
[Result "1-0"]
[WhiteElo "2373"]
[BlackElo "2264"]

1.e4 c5 2.Nf3 d6 3.d4 cxd4 4.Nxd4 Nf6 5.Nc3 Nc6 6.Bg5 Bd7 7.Qd2 Rc8 8.O-O-O Nxd4
9.Qxd4 Qa5 10.f4 Rxc3 11.bxc3 e5 12.Qd3 Bc6 13.Bxf6 gxf6 14.Kb2 Rg8 15.g3 Be7
16.f5 Qa4 17.c4 Qb4+ 18.Ka1 Bd8 19.a3 Qc5 20.Bg2 Ke7 21.Qb3 Bb6 22.Qb4 a5
23.Qxc5 Bxc5 24.Kb2 b6 25.Bf3 Bb7 26.Kb3 Ba6 27.a4 Rc8 28.Be2 Bb7 29.Bd3 Rg8
30.Rd2 Rg4 31.Re1 Bc6 32.Rg2 Rg5 33.g4 h5 34.h4 Rxg4 35.Rxg4 hxg4 36.h5 Kf8
37.Be2 g3 38.Bf3 Kg7 39.Rd1 Kh6 40.Rd3 Bb7 41.Bg2 Kxh5 42.Rxg3 Kh6 43.Rg8 Kh7
44.Rb8 Bc6 45.Rc8 Bd7 46.Rc7 Be8 47.Re7 Bc6 48.Rxf7+ Kg8 49.Rxf6 Kg7 50.Rg6+ Kf8  1-0

[Event "1st WinTV Open"]
[Site "Chennai IND"]
[Date "2004.01.25"]
[Round "6"]
[White "Hariharan,V"]
[Black "Poobesh Anand,S"]
[Result "1/2-1/2"]
[WhiteElo "2245"]
[BlackElo "2360"]

1.e4 c5 2.Nf3 Nc6 3.d4 cxd4 4.Nxd4 Nf6 5.Nc3 d6 6.Bg5 Bd7 7.Qd2 Nxd4 8.Qxd4 Qa5
9.f4 h6 10.Bxf6 gxf6 11.O-O-O Rc8 12.Kb1 Qc5 13.Be2 Qxd4 14.Rxd4 f5 15.exf5 Bg7
16.Rc4 Rxc4 17.Bxc4 Bxc3 18.bxc3 Bxf5 19.Bd5 b6 20.Bc6+ Bd7 21.Bf3 f5 22.Re1 Kf7
23.Kb2 Kf6 24.Rd1 Rc8 25.g3 Bc6 26.Be2 h5 27.Bxh5 Rh8 28.g4 fxg4 29.Bxg4 Rxh2
30.Rd4 Be8 31.a4 Bg6 32.Bd1 Rh1 33.Bf3 Rf1 34.Bd5 e5 35.fxe5+ dxe5 36.Rc4 Rf2
37.Rc6+ Kg5 38.a5 bxa5 39.c4 Rxc2+ 40.Kb3 a4+ 41.Ka3 Rf2 42.Re6 Rf5 43.Re7 Kf4
44.c5 Rf8 45.c6 Be4 46.Bxe4 Kxe4 47.Rxa7 Kd5 48.c7 e4 49.Kxa4 Kc4 50.Ka5 Kc5
51.Ka4 e3 52.Kb3 Kd4 53.Kc2 Ke4 54.Kd1 Kf3  1/2-1/2

[Event "1st WinTV Open"]
[Site "Chennai IND"]
[Date "2004.01.25"]
[Round "6"]
[White "Matta,V"]
[Black "Suresh,KT"]
[Result "0-1"]
[WhiteElo "2076"]
[BlackElo "2219"]

1.e4 c5 2.Nf3 Nc6 3.d4 cxd4 4.Nxd4 Nf6 5.Nc3 d6 6.Bg5 e6 7.Qd2 Qb6 8.Ndb5 a6
9.Be3 Qd8 10.Nd4 Be7 11.f3 O-O 12.g4 Nxd4 13.Bxd4 b5 14.Bd3 e5 15.Be3 Be6
16.g5 b4 17.Ne2 Nd7 18.Ng3 Nc5 19.Nf5 Nxd3+ 20.cxd3 d5 21.Qg2 dxe4 22.dxe4 Bxf5
23.exf5 Qd3 24.Kf2 Qxf5 25.Rhc1 Rac8 26.Kg1 a5 27.h4 f6 28.gxf6 Bxf6 29.Rxc8 Rxc8
30.Rc1 Rxc1+ 31.Bxc1 Bxh4 32.Qe2 Be7 33.Qc4+ Qf7 34.Qc8+ Bf8 35.b3 Qxf3 36.Qe6+ Kh8
37.Qc8 h6 38.Qd8 Kh7 39.Qc8 e4 40.Qc2 Qd3 41.Qf2 Qd1+ 42.Kg2 Qxc1 43.Qxf8 Qc2+
44.Kh1 e3 45.a4 bxa3  0-1

[Event "1st WinTV Open"]
[Site "Chennai IND"]
[Date "2004.01.27"]
[Round "7"]
[White "Vinuthna,N"]
[Black "Sai,Sr"]
[Result "1/2-1/2"]
[WhiteElo "2094"]
[BlackElo "2264"]

1.e4 c5 2.Nf3 d6 3.d4 cxd4 4.Nxd4 Nf6 5.Nc3 Nc6 6.Bg5 Bd7 7.Be2 Rc8 8.O-O Nxd4
9.Qxd4 Qa5 10.Bxf6 gxf6 11.a4 Qc5 12.Qd2 Rg8 13.Bb5 e6 14.Ra3 a6 15.Bxd7+ Kxd7
16.a5 Ke8 17.Rd1 Be7 18.Rb3 Rc7 19.Na4 Qe5 20.Re1 Rg4 21.Rbe3 Qb5 22.b3 Rg5
23.f4 Rh5 24.f5 Qe5 25.Rg3 Rg5 26.Rh3 h5 27.Kh1 exf5 28.exf5 Qxf5 29.Rhe3 Kf8
30.c4 Qg6 31.Nb6 Re5 32.Nd5 Rc8 33.Nxe7 Kxe7 34.Rd1 Rc6 35.Rd3 Re6 36.Qb4 Qe4
37.Qxb7+ Kf8 38.Qb4 Ke7 39.h3 f5 40.Qd2 h4 41.Qg5+ Ke8 42.Rd4 Qc2 43.Qg8+ Ke7
44.Qa8 Qf2 45.R4d3 Re1+ 46.Rxe1+ Qxe1+ 47.Kh2 Qe5+ 48.Kg1  1/2-1/2

[Event "IM"]
[Site "Marianske Lazne CZE"]
[Date "2004.01.27"]
[Round "4"]
[White "Slaby,J"]
[Black "Vyskocil,N"]
[Result "1-0"]
[WhiteElo "2405"]
[BlackElo "2335"]

1.e4 c5 2.Nf3 d6 3.d4 cxd4 4.Nxd4 Nf6 5.Nc3 Nc6 6.Bg5 e6 7.Qd2 a6 8.O-O-O Bd7
9.f3 b5 10.Nxc6 Bxc6 11.Kb1 h6 12.Be3 Qc7 13.Ne2 Rd8 14.Nd4 Bb7 15.h4 d5
16.e5 Nh5 17.Rh3 g6 18.g4 Ng7 19.Bxh6 Rc8 20.Bf4 Bc5 21.Nb3 Be7 22.Bd3 Rxh4
23.Rxh4 Bxh4 24.Bg5 Bxg5 25.Qxg5 Qe7 26.Qf6 Qf8 27.Rh1 Qg8 28.a4 bxa4 29.Na5 Rc7
30.Qf4 Bc8 31.Qxa4+ Bd7 32.Qb4 Qf8 33.Qd6  1-0

[Event "1st WinTV Open"]
[Site "Chennai IND"]
[Date "2004.01.28"]
[Round "9"]
[White "Visweswaran,K"]
[Black "Neelotpal,D"]
[Result "1-0"]
[WhiteElo "2325"]
[BlackElo "2461"]

1.e4 c5 2.Nf3 d6 3.d4 cxd4 4.Nxd4 Nf6 5.Nc3 Nc6 6.Bg5 Qb6 7.Nb3 e6 8.Qd2 a6
9.O-O-O Be7 10.f3 O-O 11.g4 Rd8 12.Be3 Qc7 13.Qf2 Nd7 14.h4 b5 15.g5 Nce5
16.Kb1 Bb7 17.h5 b4 18.Na4 Rab8 19.Nb6 Nc5 20.Nc4 Nxc4 21.Bxc4 Nxe4 22.fxe4 Qxc4
23.Nd2 Qb5 24.g6 Rf8 25.gxh7+ Kh8 26.Bd4 e5 27.Be3 f5 28.Qg2 f4 29.Rdg1 Bf6
30.Bf2 Qd7 31.Bh4 Qf7 32.Bxf6 Qxf6 33.Qf3 d5 34.Rg6 dxe4 35.Qg4 Bc8 36.Qg1 Bf5
37.Rxf6 gxf6 38.Qa7 Bxh7 39.Nc4 e3 40.Nd6  1-0

[Event "1st WinTV Open"]
[Site "Chennai IND"]
[Date "2004.01.30"]
[Round "11"]
[White "Hariharan,V"]
[Black "Neelotpal,D"]
[Result "0-1"]
[WhiteElo "2245"]
[BlackElo "2461"]

1.e4 c5 2.Nf3 d6 3.d4 cxd4 4.Nxd4 Nf6 5.Nc3 Nc6 6.Bg5 Qb6 7.Nb3 e6 8.Qd2 a6
9.O-O-O Be7 10.f3 O-O 11.h4 Rd8 12.h5 Qc7 13.Be3 b5 14.g4 Ne5 15.Qg2 Bb7
16.g5 Nfd7 17.f4 b4 18.Nb1 Nc6 19.g6 Bf6 20.gxf7+ Kxf7 21.Bc4 Ne7 22.N1d2 d5
23.Bd3 dxe4 24.Nxe4 Nf5 25.Bd2 a5 26.Rhg1 Bxe4 27.Qxe4 a4 28.Rde1 Nf8 29.Bc4 Nd4  0-1